| 000 | 00990nam a2200229Ia 4500 | ||
|---|---|---|---|
| 003 | IN-BaIIA | ||
| 008 | 211028s9999 xx 000 0 eng d | ||
| 020 | _a0-7923-2521-4 | ||
| 040 | _cIIA Library | ||
| 080 |
_a52(082.1) _bASS-186 |
||
| 111 |
_aInternational Workshop of the Astronomical Observatory of Capodimonte _n6th _cItaly _d1991 Sept. 18-21 _918759 |
||
| 245 | 0 |
_aStellar jets and bipolar outflows _bproceedings of the sixth International workshop of the Astronomical Observatory of Capodimonte (OAC 6) held in Capri, Italy, September 18-21,1991 _cedited by L. Errico |
|
| 260 |
_aDordrecht _bKluwer Academic _c1993 |
||
| 300 | _axix, 426p. | ||
| 490 | _aAstrophysics and Space Science Library; v. 186 | ||
| 650 | _aAstronomy and Astrophysics Thesaurus | ||
| 650 |
_aJets _911565 |
||
| 650 |
_aPlasma jets _917342 |
||
| 700 |
_aErrico, L., ed. _918760 |
||
| 710 |
_aAstronomical Observatory of Capodimonte _918761 |
||
| 942 | _cBK | ||
| 999 |
_c10982 _d10982 |
||